Online Catalogue and eLibrary

Wednesday's children : (Record no. 2656)

MARC details
000 -LEADER
fixed length control field 00397nam a2200145Ia 4500
005 - DATE AND TIME OF LATEST TRANSACTION
control field 20240607004210.0
008 - FIXED-LENGTH DATA ELEMENTS--GENERAL INFORMATION
fixed length control field 240331s9999 xx 000 0 und d
020 ## - INTERNATIONAL STANDARD BOOK NUMBER
ISBN 362
082 ## - DDC Classification
Item Number - Author Mark WED
Class No. 9555720061
245 #0 - TITLE STATEMENT
Title Wednesday's children :
Remainder of title some case studies of sexually exploited children
260 ## - PUBLICATION, DISTRIBUTION, ETC.
Place of publication, distribution, etc. Colombo
Name of publisher, distributor, etc. P.E.A.C.E.
Date of publication, distribution, etc. 1997
300 ## - PHYSICAL DESCRIPTION
Extent (e.g. Volumes, Pages etc.) x,146 p.,
700 ## - ADDED ENTRY--PERSONAL NAME
Personal name Seneviratne, M. ed
942 ## - Koha item type (Biblio)
Koha item type Books in Stacks (Lending)
Holdings
Lost status Damaged status Collection code Home library Current library Shelving location Date acquired Full call number Accession Number Item type
    Lending WERC Library WERC Library Social Science Cupboard 03/31/2024 362.76 WED 4680 Books in Stacks (Lending)

© WERC Library